City by Palace or Mansion - Statistics

General Stats
  • This quiz has been taken 19 times
  • The average score is 2 of 16
Answer Stats
Picture Answer % Correct
Vienna
87%
Edinburgh
60%
Tokyo
27%
Phnom Penh
20%
Rabat
20%
Isfahan
7%
Rio de Janeiro
7%
The Hague
7%
Wellington
7%
Alexandria
0%
Brisbane
0%
Monrovia
0%
Quito
0%
San Francisco
0%
Santo Domingo
0%
Toronto
0%
No matching quizzes found
Score Distribution
Percent of People with Each Score
Percentile by Number Answered
Your Score History
You have not taken this quiz